000
00311nam a22001457a 4500
008
230322b ||||| |||| 00| 0 eng d
020
_a
9780815631712
041
_a
eng
080
_a
94
082
_a
94GRA
100
_a
30
101
_a
HISTORI
245
_a
THE RISE OF THE RICH
_c
GRAN P
942
_2
udc
_c
BK
999
_c
59424
_d
59424